[Event "St.Petersburg Summer Open"]
[Site "St Petersburg RUS"]
[Date "2016.08.22"]
[Round "6.51"]
[White "Bobolev, Stanislav"]
[Black "Efremov, Vladislav"]
[Result "0-1"]
[WhiteElo "1604"]
[BlackElo "1937"]
[WhiteFideId "24282855"]
[BlackFideId "44159935"]
[EventDate "2016.08.17"]

1. e4 c5 2. Nf3 e6 3. d4 cxd4 4. Nxd4 Qb6 5. Nc3 Bc5 6. Na4 Qa5+ 7. Nc3 Qb6 8.
Na4 Qa5+ 9. Nc3 Bxd4 10. Qxd4 Nf6 11. f3 O-O 12. Bd2 Nc6 13. Qf2 Nb4 14. Bd3
Nxd3+ 15. cxd3 Qa6 16. Qd4 h6 17. O-O Nh7 18. Kh1 d6 19. f4 f5 20. Rf3 Qc6 21.
Rg3 Nf6 22. exf5 exf5 23. Re1 Rf7 24. Nd1 Qc5 25. Bc3 Qxd4 26. Bxd4 Nh5 27. Rg6
Bd7 28. Rxd6 Nxf4 29. Be5 Ne6 30. d4 Nc7 31. Nc3 Kh7 32. Kg1 b6 33. h4 Ne8 34.
d5 Nxd6 35. Bxd6 Rc8 36. a4 Rc4 37. g3 Bxa4 38. Nxa4 Rxa4 39. Bf4 Rd7 40. d6
Rxf4 41. gxf4 Rxd6 42. Re7 Rd4 43. Kf2 Rxf4+ 44. Kg3 Rg4+ 45. Kh3 Rb4 46. Rxa7
Rxb2 47. h5 b5 48. Kg3 b4 49. Rf7 b3 50. Rxf5 Rb1 51. Kf2 b2 52. Rb5 Rh1 53. Kg2
b1=Q 0-1

[Event "St.Petersburg Summer Open"]
[Site "St Petersburg RUS"]
[Date "2016.08.22"]
[Round "6.52"]
[White "Sanarov, Leonid"]
[Black "Zakharov, Yuri"]
[Result "1-0"]
[WhiteElo "1856"]
[BlackElo "1703"]
[WhiteFideId "34132993"]
[BlackFideId "4166620"]
[EventDate "2016.08.17"]

1. c4 e5 2. g3 Nf6 3. Bg2 d6 4. Nc3 Nbd7 5. e3 g6 6. Nge2 Bg7 7. O-O O-O 8. d3
c6 9. Rb1 Qc7 10. b4 Re8 11. b5 Nc5 12. d4 exd4 13. exd4 Nce4 14. Bf4 Nxc3 15.
Nxc3 Nh5 16. bxc6 bxc6 17. Be3 Bd7 18. Bf3 Nf6 19. Bf4 Qa5 20. Qd2 Qf5 21. Bg2
d5 22. cxd5 cxd5 23. Rfe1 Rxe1+ 24. Rxe1 Bc6 25. Rc1 Qd7 26. Ne2 Ne4 27. Qc2 Rc8
28. Be3 Bb7 29. Qb2 Rxc1+ 30. Qxc1 f5 31. Nf4 Bf8 32. Qb2 Qc6 33. Bf1 Qb6 34.
Qc2 Be7 35. Nd3 Ba6 36. Nf4 Bb7 37. Nd3 Ba6 38. Ne5 Bxf1 39. Qc8+ Kg7 40. Qe8
Qf6 41. Kxf1 Qe6 42. Nc6 Kf6 43. Qh8+ Kf7 44. Ne5+ 1-0

[Event "St.Petersburg Summer Open"]
[Site "St Petersburg RUS"]
[Date "2016.08.22"]
[Round "6.53"]
[White "Zvereva, Svetlana"]
[Black "Pankova, Julia"]
[Result "0-1"]
[WhiteElo "1579"]
[BlackElo "1845"]
[WhiteFideId "24121282"]
[BlackFideId "34103276"]
[EventDate "2016.08.17"]

1. e4 c5 2. Nf3 d6 3. d4 cxd4 4. Qxd4 Nc6 5. Bb5 Bd7 6. Bxc6 Bxc6 7. Nc3 Nf6 8.
Bg5 e6 9. O-O Be7 10. Qd3 O-O 11. Rfd1 Rc8 12. Nd4 Qa5 13. Nxc6 Rxc6 14. Bd2 Qh5
15. h3 Nd7 16. Be3 Ne5 17. Qf1 a6 18. Bf4 Nc4 19. Bc1 Bf6 20. Rd3 Rfc8 21. f4
Nxb2 22. Bxb2 Bxc3 23. Bxc3 Rxc3 24. Rxc3 Rxc3 25. Qf2 Qc5 26. Qxc5 dxc5 27. Rd1
Kf8 28. Rb1 b5 29. Rb2 Rc4 30. Kf2 Rxe4 31. g3 Ke7 32. Rb3 Ra4 33. c3 Re4 34.
Rb2 Kd6 35. Rd2+ Kc6 36. h4 Rc4 37. Rd3 b4 38. cxb4 Rc2+ 39. Kf3 cxb4 40. Rb3
Rc3+ 41. Ke4 Rxb3 42. axb3 Kc5 43. Ke3 a5 44. Kd3 Kd5 45. h5 f5 46. Ke3 e5 47.
fxe5 Kxe5 48. Kd3 Kd5 49. Ke3 g5 50. hxg6 hxg6 51. Kd3 g5 52. Ke3 f4+ 53. gxf4
gxf4+ 54. Kd3 f3 55. Ke3 f2 56. Kxf2 Kd4 0-1

[Event "St.Petersburg Summer Open"]
[Site "St Petersburg RUS"]
[Date "2016.08.22"]
[Round "6.54"]
[White "Kuzmishin, Leonid"]
[Black "Kuizhev, Adam"]
[Result "0-1"]
[WhiteElo "1762"]
[BlackElo "1700"]
[WhiteFideId "34136387"]
[BlackFideId "44166265"]
[EventDate "2016.08.17"]

1. d4 Nf6 2. Nf3 g6 3. g3 Bg7 4. Bg2 O-O 5. O-O d5 6. c4 c6 7. Nc3 dxc4 8. a4
Na6 9. e4 Nb4 10. Qe2 Be6 11. Be3 Nd3 12. b3 Qa5 13. Bd2 Qa6 14. Ng5 cxb3 15.
Nxe6 fxe6 16. Nb5 Nb2 17. Nc3 Qxe2 18. Nxe2 Nc4 19. Bb4 Kf7 20. Rfc1 b2 0-1

[Event "St.Petersburg Summer Open"]
[Site "St Petersburg RUS"]
[Date "2016.08.22"]
[Round "6.55"]
[White "Smirnov, Dmitrii"]
[Black "Afanasiev, Nikita A."]
[Result "1/2-1/2"]
[WhiteElo "1569"]
[BlackElo "1716"]
[WhiteFideId "34191868"]
[BlackFideId "44148089"]
[EventDate "2016.08.17"]

1. e4 Nf6 2. Nc3 d5 3. exd5 Nxd5 4. Nxd5 Qxd5 5. Nf3 Nc6 6. d4 Bg4 7. Be2 O-O-O
8. Be3 e5 9. c4 Qd6 10. d5 Ne7 11. Qa4 Bxf3 12. c5 Qd7 13. c6 Nxc6 14. Bxf3 Ne7
15. Qxa7 Qb5 16. Rc1 Kd7 17. d6 cxd6 18. Bxb7 Ke6 19. Ba6 Qb4+ 20. Bd2 Qe4+ 21.
Qe3 Qxg2 22. Rf1 Nf5 23. Bc8+ Rxc8 24. Qb3+ d5 25. Rxc8 Qe4+ 26. Kd1 Nd4 27. Qe3
Qb1+ 28. Rc1 Qxb2 29. Bc3 Qb5 30. Kd2 Bb4 31. Rfe1 Kd7 32. Rb1 Qa4 33. Qh3+ f5
34. Bxb4 Qc2+ 35. Ke3 Qe4+ 1/2-1/2

[Event "St.Petersburg Summer Open"]
[Site "St Petersburg RUS"]
[Date "2016.08.22"]
[Round "6.57"]
[White "Turetsky, Mark"]
[Black "Trushnikov, Viacheslav"]
[Result "1/2-1/2"]
[WhiteElo "1622"]
[BlackElo "1758"]
[WhiteFideId "24121851"]
[BlackFideId "24115185"]
[EventDate "2016.08.17"]

1. c4 Nf6 2. Nf3 g6 3. b3 Bg7 4. Bb2 O-O 5. Nc3 d5 6. e3 dxc4 7. Bxc4 Ne4 8. d4
Nxc3 9. Bxc3 Nd7 10. Rc1 Nf6 11. O-O Ne4 12. Bb2 Bg4 13. Be2 c6 14. Nd2 Bxe2 15.
Qxe2 Nxd2 16. Qxd2 Qd7 17. Rfd1 Rfd8 18. Rc2 a6 19. e4 e6 20. Qe3 Qe7 21. Rcd2
Rd7 22. Bc3 Qh4 23. Qf3 Qf6 24. Qxf6 Bxf6 25. f4 Bg7 26. g4 f5 27. gxf5 gxf5 28.
e5 Bh6 29. Rg2+ Rg7 30. Rxg7+ Kxg7 31. Rf1 Kf7 32. h3 Rd8 33. b4 Bf8 34. Kf2 Be7
35. Rg1 Rg8 36. Rxg8 Kxg8 37. Kf3 Kf7 38. Kg3 Ke8 39. Be1 Kd7 40. Kf3 Kc7 41.
Ke3 Kb6 42. a4 a5 43. bxa5+ Ka6 44. Kd3 Bd8 45. Kc4 Bxa5 46. Bxa5 Kxa5 47. Kc5
Kxa4 48. Kd6 b5 49. Kxe6 b4 50. Kf6 b3 51. e6 b2 52. e7 b1=Q 53. e8=Q Qe4 1/2-1/2

[Event "St.Petersburg Summer Open"]
[Site "St Petersburg RUS"]
[Date "2016.08.22"]
[Round "6.58"]
[White "Klinkov, Evgeny"]
[Black "Bezobrazov, Lev"]
[Result "1-0"]
[WhiteElo "1738"]
[BlackElo "1528"]
[WhiteFideId "24223433"]
[BlackFideId "4152409"]
[EventDate "2016.08.17"]

1. d4 d5 2. c4 Nc6 3. Nc3 dxc4 4. d5 Na5 5. e4 Bd7 6. Nf3 e6 7. Bg5 f6 8. Bh4
Ne7 9. e5 Nf5 10. exf6 gxf6 11. Ne5 h5 12. Ng6 Rh6 13. Nxf8 Kxf8 14. Bg3 Nxg3
15. hxg3 Qe8 16. Be2 exd5 17. Qxd5 Nc6 18. O-O-O Be6 19. Qc5+ Qe7 20. Qe3 Kg7
21. Rxh5 Rxh5 22. Bxh5 Rh8 23. Bf3 Ne5 24. Be2 a6 25. f4 Nc6 26. Bf3 Re8 27.
Bxc6 bxc6 28. Re1 Qb4 29. Qf3 Rb8 30. Re2 Qb6 31. f5 Qg1+ 32. Kc2 Qb6 33. Nd1
Bf7 34. Re7 Kf8 35. Re1 Qa5 36. Nc3 Bd5 37. Qe3 Bf7 38. Qh6+ Kg8 39. Qxf6 Qc5
40. Qg5+ Kf8 41. Qf4 Qd6 42. Qg5 Re8 43. Rd1 Qe7 44. f6 1-0

[Event "St.Petersburg Summer Open"]
[Site "St Petersburg RUS"]
[Date "2016.08.22"]
[Round "6.59"]
[White "Romanov, Aleksandr"]
[Black "Nordquelle, Amelia"]
[Result "1-0"]
[WhiteElo "1722"]
[BlackElo "1153"]
[WhiteFideId "54111722"]
[BlackFideId "1531646"]
[EventDate "2016.08.17"]

1. c4 e5 2. Nc3 Nf6 3. g3 Bb4 4. Bg2 Bxc3 5. bxc3 O-O 6. e3 c6 7. d4 e4 8. Ne2
d5 9. cxd5 cxd5 10. O-O Nfd7 11. c4 Nb6 12. cxd5 Qxd5 13. Nc3 Qc6 14. Nxe4 Re8
15. Nc5 Qc7 16. Bd2 Bd7 17. Nxd7 Qxd7 18. Rc1 Rc8 19. Qb3 Nc6 20. Bxc6 Rxc6 21.
Rxc6 Qxc6 22. Rc1 Qd7 23. Ba5 Nc8 24. Rc7 Qf5 25. Qxb7 1-0

[Event "St.Petersburg Summer Open"]
[Site "St Petersburg RUS"]
[Date "2016.08.22"]
[Round "6.60"]
[White "Radosevic, Nevena"]
[Black "Srinidhi, S"]
[Result "1-0"]
[WhiteElo "1589"]
[BlackElo "1667"]
[WhiteFideId "900435"]
[BlackFideId "5053897"]
[EventDate "2016.08.17"]

1. d4 Nf6 2. c4 g6 3. Nc3 Bg7 4. e4 d6 5. f3 O-O 6. Be3 Nc6 7. Qd2 e5 8. d5 Ne7
9. Nge2 Nd7 10. Nc1 f5 11. Be2 f4 12. Bf2 g5 13. Nd3 Nf6 14. g4 h5 15. gxh5 Nxh5
16. O-O-O Bh3 17. Rdg1 Nc8 18. Qe1 Nb6 19. b3 c5 20. Bf1 Bxf1 21. Qxf1 Kf7 22.
Qh3 Kg6 23. Qg2 Bh6 24. h4 Ng3 25. Bxg3 fxg3 26. Qxg3 1-0

[Event "St.Petersburg Summer Open"]
[Site "St Petersburg RUS"]
[Date "2016.08.22"]
[Round "6.62"]
[White "Biyachuev, Minkail"]
[Black "Yun, Vyacheslav"]
[Result "0-1"]
[WhiteElo "1400"]
[BlackElo "1750"]
[WhiteFideId "34120065"]
[BlackFideId "34126667"]
[EventDate "2016.08.17"]

1. Nf3 d5 2. c4 Nf6 3. g3 c5 4. e3 Nc6 5. Bg2 Bg4 6. O-O e5 7. Qb3 Qd7 8. cxd5
Nxd5 9. Nxe5 Nxe5 10. Bxd5 Bf3 11. e4 Qh3 12. Bxf7+ Kd8 13. Qd5+ Nd7 14. Qg5+
Kc8 15. Qxc5+ Bxc5 0-1

[Event "St.Petersburg Summer Open"]
[Site "St Petersburg RUS"]
[Date "2016.08.22"]
[Round "6.63"]
[White "Kapitsa, Artem"]
[Black "Corrente, Roberto"]
[Result "1-0"]
[WhiteElo "1402"]
[BlackElo "1242"]
[WhiteFideId "44188056"]
[BlackFideId "36018562"]
[EventDate "2016.08.17"]

1. d4 Nf6 2. c4 c5 3. Nf3 e6 4. Bg5 h6 5. Bh4 Be7 6. Nc3 b6 7. Bg3 a6 8. e3 Bb7
9. Bd3 d6 10. O-O Nc6 11. h3 O-O 12. Nd2 cxd4 13. exd4 Nxd4 14. Nce4 Nc6 15. Bc2
Nxe4 16. Nxe4 d5 17. cxd5 exd5 18. Nc3 d4 19. Ne2 Bf6 20. Qd3 g6 21. a3 Re8 22.
Bb3 Na5 23. Qxg6+ Bg7 24. Bxf7+ Kh8 25. Bxe8 Qxe8 26. Qxe8+ Rxe8 27. Nf4 Nc4 28.
Nd3 Re2 29. Rfe1 Rd2 30. Rad1 Rxd1 31. Rxd1 Be4 32. f3 Bxd3 33. Rxd3 Nxb2 34.
Rb3 d3 35. Be1 Bd4+ 36. Kf1 Kg7 37. Bd2 a5 38. Ke1 Nc4 39. Rxd3 Nxd2 40. Rxd4
Nb3 41. Rd7+ Kg8 42. Rb7 Nd4 43. Rxb6 Nc2+ 44. Kf2 Nxa3 45. Rxh6 Nc4 46. Rc6 Nb2
47. Ra6 a4 48. Ra7 Nd3+ 49. Ke3 Nc5 50. g4 Kf8 51. h4 a3 52. Rxa3 Ne6 53. Ra7
Nc5 54. h5 Kg8 55. h6 Ne6 56. f4 Kh8 57. g5 Kg8 58. g6 Nf8 59. Ra8 Kh8 60. Rxf8# 1-0

[Event "St.Petersburg Summer Open"]
[Site "St Petersburg RUS"]
[Date "2016.08.24"]
[Round "8.1"]
[White "Saveliev, Alexei"]
[Black "Usmanov, Vasily"]
[Result "1/2-1/2"]
[BlackTitle "IM"]
[WhiteElo "2339"]
[BlackElo "2423"]
[WhiteFideId "24128546"]
[BlackFideId "4135741"]
[EventDate "2016.08.17"]

1. e4 c5 2. Nf3 Nc6 3. d4 cxd4 4. Nxd4 Nf6 5. Nc3 e5 6. Ndb5 h6 7. Nd6+ Bxd6 8.
Qxd6 Qe7 9. Nb5 Qxd6 10. Nxd6+ Ke7 11. Nf5+ Kd8 12. Nd6 Ke7 13. Nf5+ Kd8 14. Nd6 1/2-1/2

[Event "St.Petersburg Summer Open"]
[Site "St Petersburg RUS"]
[Date "2016.08.24"]
[Round "8.2"]
[White "Apryshko, Gleb"]
[Black "Triapishko, Olexandr"]
[Result "1/2-1/2"]
[WhiteTitle "FM"]
[WhiteElo "2335"]
[BlackElo "2466"]
[WhiteFideId "24131792"]
[BlackFideId "14122286"]
[EventDate "2016.08.17"]

1. e4 c5 2. Nf3 Nc6 3. Bb5 d6 4. Bxc6+ bxc6 5. e5 dxe5 6. Nxe5 Qd5 7. Nf3 Bg4 8.
Nc3 Bxf3 9. Qxf3 Qxf3 10. gxf3 Nh6 11. d3 Nf5 12. Be3 Nd4 13. O-O-O Nxf3 14.
Bxc5 e5 15. d4 O-O-O 16. Bxf8 Rhxf8 17. dxe5 Nxe5 18. Rhe1 f6 19. Re4 Rf7 20.
Rxd8+ Kxd8 21. Kd1 Nf3 22. Ke2 f5 23. Rc4 Nxh2 24. f3 g5 25. Kf2 g4 26. fxg4
Nxg4+ 27. Kg3 Kd7 28. Kf4 h5 29. Rd4+ Kc7 30. Ne2 h4 31. Rd3 Re7 32. Nd4 h3 33.
Nxf5 Nf2 34. Kg3 h2 35. Kxf2 h1=Q 36. Nxe7 Qh4+ 37. Ke2 Qxe7+ 38. Kd1 Qb4 39.
Rb3 Qd4+ 40. Kc1 Qe5 41. Rd3 Qf4+ 42. Rd2 Qc4 43. Rd3 Qxa2 44. Ra3 Qe6 45. Kb1
a5 46. b3 Kb6 47. Ra4 Kb5 48. Kb2 Qf6+ 49. Ka2 Qf1 50. Kb2 Qe1 51. Rc4 Qf1 52.
Ra4 Kb6 53. Re4 Qf6+ 54. Kb1 Qh8 55. Rc4 Qe5 56. Ra4 Kb5 57. Ka2 Qc3 58. Kb1 Kc5
59. Re4 Qg7 60. Rc4+ Kd6 61. Ka2 Qg6 62. Kb1 Qf5 63. Ra4 Qb5 64. Re4 Kd5 65. Rg4
Qf1+ 66. Kb2 Qf6+ 67. Kb1 Kd6 68. Ra4 Qc3 69. Re4 Kd5 70. Rg4 Qf6 71. Ra4 Qc3
72. Rg4 Ke5 73. Ra4 Qc5 74. Kb2 Kf6 75. Kb1 Qb5 76. Kb2 Kf5 77. Rc4 Qe5+ 78. Kb1
Qd5 79. Kb2 Qd6 80. Ra4 Qd2 81. Rc4 Ke5 82. Ra4 Qd8 83. Kb1 Kd5 84. Rc4 Qe7 85.
Ra4 Qe1+ 86. Kb2 Qe5+ 87. Kb1 Qc3 88. Kc1 Qe1+ 89. Kb2 Qe5+ 90. Kb1 c5 91. Rc4
Kc6 92. Ra4 Kb5 93. Rc4 Qe2 94. Ra4 Qf2 95. Kb2 Qf6+ 96. Kb1 Qc3 97. Kc1 Qe3+
98. Kb1 Kc6 99. Rc4 Kd5 100. Ra4 Qe8 101. Rc4 Qb5 102. Rg4 Qd7 103. Rc4 Qe7 104.
Ra4 Qe1+ 105. Kb2 Qe5+ 106. Ka2 Qe8 107. Ka3 Qh8 108. Ka2 Qe5 109. Kb1 Qe8 110.
Rc4 Qb5 111. Rg4 Qe2 112. Ra4 Qf1+ 113. Kb2 Qe2 114. Kb1 Qe8 115. Rc4 Qe6 116.
Ra4 Kc6 117. Kb2 Kb5 118. Kb1 Qf6 119. Re4 Qc6 120. Ra4 Qa8 121. Kb2 Kc6 122.
Kb1 Kd5 123. Kb2 Ke5 124. Kb1 Kf5 125. Kb2 Qd5 126. Kb1 Qh1+ 127. Kb2 Qh8+ 128.
Kb1 Qc3 129. Kc1 c4 130. Rxc4 Qa1+ 131. Kd2 Kg5 132. Ra4 Qb2 133. Rc4 Kf5 134.
Ra4 Qb1 135. Rc4 Ke5 1/2-1/2

[Event "St.Petersburg Summer Open"]
[Site "St Petersburg RUS"]
[Date "2016.08.24"]
[Round "8.3"]
[White "Pasiev, Rakhim"]
[Black "Borisovsky, Dmitry"]
[Result "1/2-1/2"]
[WhiteTitle "IM"]
[WhiteElo "2407"]
[BlackElo "2298"]
[WhiteFideId "24122475"]
[BlackFideId "34109410"]
[EventDate "2016.08.17"]

1. e4 c5 2. Nf3 d6 3. d4 cxd4 4. Qxd4 Nc6 5. Bb5 Bd7 6. Bxc6 Bxc6 7. Nc3 Nf6 8.
Bg5 e6 9. O-O Be7 10. Rad1 O-O 11. Rfe1 a6 12. h3 Rc8 13. Qe3 Qc7 14. e5 dxe5
15. Nxe5 Rfd8 16. Bf4 Rxd1 17. Rxd1 Rd8 18. Rxd8+ Bxd8 19. Qd4 Bd5 20. Ng4 Qc4
21. Qe5 Nxg4 22. Qb8 h6 23. Qxd8+ Kh7 24. Nxd5 exd5 25. Qc7 Nf6 26. Be5 Qxc7 27.
Bxc7 Kg6 28. g4 h5 29. f3 hxg4 30. hxg4 Ne8 31. Be5 f6 32. Bf4 Kf7 33. Kf2 g6
34. Ke3 Ng7 35. Bb8 Ne6 36. f4 Ke7 37. f5 gxf5 38. gxf5 Ng7 39. Kf4 Kf7 40. Bd6
Ne8 41. Bc5 Ng7 42. a4 Ke8 43. b3 b5 44. Bb6 Ke7 45. Kg4 Ke8 46. c3 Ke7 47. a5
Ke8 48. Be3 Kf7 49. Kf4 Nh5+ 50. Kf3 Ng7 51. Kg4 Ke7 52. Bb6 Ke8 53. Kf4 Ke7 54.
Kg4 Ke8 55. Bc5 Kf7 56. Be3 Ke7 57. Bh6 Ne8 58. Kh5 Kf7 59. Be3 Ng7+ 60. Kg4 Ke7 1/2-1/2

[Event "St.Petersburg Summer Open"]
[Site "St Petersburg RUS"]
[Date "2016.08.24"]
[Round "8.4"]
[White "Dilmukhametov, Artur"]
[Black "Abramov, Nikita"]
[Result "1-0"]
[BlackTitle "FM"]
[WhiteElo "2333"]
[BlackElo "2276"]
[WhiteFideId "24179922"]
[BlackFideId "24198951"]
[EventDate "2016.08.17"]

1. d4 Nf6 2. c4 e6 3. g3 c5 4. d5 exd5 5. cxd5 g6 6. Bg2 d6 7. Nc3 Bg7 8. Nf3
O-O 9. O-O Re8 10. a4 a6 11. Nd2 Nbd7 12. h3 Rb8 13. Nc4 Ne5 14. Na3 Nh5 15. e4
Qf6 16. Kh2 c4 17. a5 b5 18. axb6 Rxb6 19. f4 Nd3 20. Nxc4 Nxb2 21. Bxb2 Rxb2
22. Nxb2 Qxc3 23. Nd3 Qxa1 24. Qxa1 Bxa1 25. Rxa1 Nf6 26. Ra4 Kg7 27. e5 dxe5
28. fxe5 Nd7 29. Rc4 a5 30. Rc7 Kf8 31. e6 fxe6 32. dxe6 Nb8 33. Bd5 Na6 34.
Rxh7 Kg8 35. Rd7 Kf8 36. Rf7+ Kg8 37. Rd7 Kf8 38. Ra7 Nb4 39. Nxb4 axb4 40. Rf7+
Kg8 41. e7 Bd7 42. Bb3 Kh8 43. g4 g5 44. Kg3 Kg8 45. h4 gxh4+ 46. Kxh4 Kh8 47.
Kg5 Bxg4 48. Rf8+ 1-0

[Event "St.Petersburg Summer Open"]
[Site "St Petersburg RUS"]
[Date "2016.08.24"]
[Round "8.5"]
[White "Lovkov, Roman"]
[Black "Orlov, Oleg"]
[Result "0-1"]
[WhiteTitle "IM"]
[BlackTitle "FM"]
[WhiteElo "2451"]
[BlackElo "2289"]
[WhiteFideId "4157389"]
[BlackFideId "4166612"]
[EventDate "2016.08.17"]

1. d4 Nf6 2. c4 c5 3. d5 e6 4. Nc3 exd5 5. cxd5 Bd6 6. Nf3 O-O 7. g3 Bc7 8. d6
Ba5 9. Bg2 Ne4 10. O-O Nxc3 11. bxc3 Bxc3 12. Rb1 Bf6 13. Qd5 Nc6 14. Qxc5 b6
15. Qf5 Ba6 16. Re1 Bc4 17. Qc2 b5 18. a4 a6 19. Bb2 Re8 20. axb5 axb5 21. Qf5
Ba2 22. Bxf6 Bxb1 23. Rxb1 gxf6 24. e3 b4 25. Nh4 Re5 26. Qf4 Raa5 27. g4 Rab5
28. Nf5 b3 29. Qh6 Rxf5 30. gxf5 Ne5 31. Be4 Qf8 32. Qxf6 Qg7+ 33. Qxg7+ Kxg7
34. Kf1 Nc4 35. Ke2 b2 36. Bd3 Na3 37. Rg1+ Kf6 38. Bb1 Rxf5 39. f4 Rh5 40. e4
Rxh2+ 41. Kf3 Ke6 42. Ba2+ Kxd6 43. Rd1+ Ke7 44. e5 Rh3+ 45. Kg4 Rc3 46. f5 Rc1
47. f6+ Kd8 48. Rd2 b1=Q 49. Bxb1 Nxb1 50. Rh2 Rg1+ 51. Kf4 Rf1+ 52. Ke3 Nc3 53.
Rxh7 Nd5+ 54. Kd4 Nxf6 55. Rxf7 Rd1+ 56. Kc4 Ng4 0-1

[Event "St.Petersburg Summer Open"]
[Site "St Petersburg RUS"]
[Date "2016.08.24"]
[Round "8.6"]
[White "Vlasenko, Miroslav"]
[Black "Artamonov, Valery"]
[Result "1-0"]
[WhiteTitle "IM"]
[WhiteElo "2423"]
[BlackElo "2240"]
[WhiteFideId "4151887"]
[BlackFideId "24100480"]
[EventDate "2016.08.17"]

1. d4 Nf6 2. c4 e5 3. dxe5 Ng4 4. Bf4 Nc6 5. Nf3 Bb4+ 6. Nbd2 Qe7 7. a3 Ngxe5 8.
Nxe5 Nxe5 9. e3 Bc5 10. Nb3 Bb6 11. c5 Bxc5 12. Nxc5 Qxc5 13. Rc1 Qe7 14. Rxc7
O-O 15. Qd5 Re8 16. Be2 Nc6 17. O-O Qe6 18. Bf3 a5 19. Rd1 a4 20. Qh5 Qf6 21.
Bd5 h6 22. g4 g5 23. Bg3 Kg7 24. h4 Ra5 25. Kg2 Rb5 26. Rd2 Qe7 27. hxg5 hxg5
28. Rxc6 dxc6 29. Be5+ f6 30. Qxg5+ Kh7 31. Be4+ f5 32. Qh5+ Kg8 33. Qh8+ 1-0

[Event "St.Petersburg Summer Open"]
[Site "St Petersburg RUS"]
[Date "2016.08.24"]
[Round "8.7"]
[White "Kukhmazov, Arsen"]
[Black "Kuznetsov, Felix"]
[Result "1/2-1/2"]
[WhiteTitle "IM"]
[WhiteElo "2399"]
[BlackElo "2150"]
[WhiteFideId "24108260"]
[BlackFideId "34147990"]
[EventDate "2016.08.17"]

1. d4 Nf6 2. c4 e6 3. Nc3 Bb4 4. Qc2 O-O 5. a3 Bxc3+ 6. Qxc3 b6 7. Bg5 Bb7 8. e3
c5 9. Ne2 cxd4 10. Nxd4 d5 11. cxd5 Bxd5 12. f3 Nbd7 13. Bb5 Rc8 14. Qd2 Nc5 15.
Rd1 Nb3 16. Nxb3 Bxb3 17. Qxd8 Rfxd8 18. Rxd8+ Rxd8 19. Ke2 Rc8 20. Bd3 Nd7 21.
e4 Ne5 22. Bb1 f6 23. Bd2 Kf7 24. Rc1 Rxc1 25. Bxc1 Ke7 26. Kd2 Bc4 27. f4 Nc6
28. Kc3 Bf1 29. g3 Kd6 30. Be3 e5 31. b4 Be2 32. Ba2 Bf1 33. a4 h6 34. b5 Nd8
35. Bc4 Bg2 36. Bd3 Nb7 37. Kc4 Na5+ 38. Kb4 Nb7 39. f5 Bf3 40. h3 Bg2 41. h4
Bf3 42. Bc2 Kd7 43. Bb3 Bxe4 44. Be6+ Kd6 45. Bc8 Nc5 46. a5 Nd3+ 1/2-1/2

[Event "St.Petersburg Summer Open"]
[Site "St Petersburg RUS"]
[Date "2016.08.24"]
[Round "8.8"]
[White "Pershin, Denis"]
[Black "Grigoriev, Semyon"]
[Result "0-1"]
[WhiteElo "2325"]
[BlackElo "2132"]
[WhiteFideId "24165506"]
[BlackFideId "24111694"]
[EventDate "2016.08.17"]

1. e4 e5 2. Nf3 Nc6 3. Bb5 f5 4. Nc3 fxe4 5. Nxe4 d5 6. Nxe5 dxe4 7. Nxc6 Qg5 8.
Qe2 Nf6 9. f4 Qxf4 10. d4 Qh4+ 11. g3 Qh3 12. Ne5+ c6 13. Bc4 Be6 14. Bg5 O-O-O
15. O-O-O Bd6 16. g4 Rhe8 17. Rdg1 Bxe5 18. Bxe6+ Rxe6 19. dxe5 Rxe5 20. Rg3
Qxg3 21. hxg3 Rxg5 22. Qe3 Re5 23. g5 Nd5 24. Qd4 Re7 25. Re1 e3 26. Qg4+ Rdd7
27. a3 b5 28. c4 bxc4 29. Qxc4 Rd6 30. Re2 Rf7 31. Qc5 Re6 32. b4 a6 33. Kc2 Kb7
34. a4 Rf5 35. Kd1 Ne7 36. Qc3 Rxg5 37. a5 Nd5 38. Qc5 Rxg3 39. b5 Rg1+ 40. Kc2
axb5 41. Qf8 Re4 42. a6+ Kxa6 43. Kd3 Rf4 44. Qa8+ Kb6 45. Qb8+ Kc5 46. Rc2+ Kb4
47. Rxc6 Rd1+ 48. Kc2 Rd2+ 0-1

[Event "St.Petersburg Summer Open"]
[Site "St Petersburg RUS"]
[Date "2016.08.24"]
[Round "8.9"]
[White "Fraiman, Dmitry"]
[Black "Sichinava, Zviad"]
[Result "1/2-1/2"]
[WhiteElo "2241"]
[BlackElo "2298"]
[WhiteFideId "34100641"]
[BlackFideId "24111716"]
[EventDate "2016.08.17"]

1. e4 e6 2. d4 d5 3. Nc3 Bb4 4. a3 Bxc3+ 5. bxc3 dxe4 6. Qg4 Nf6 7. Qxg7 Rg8 8.
Qh6 Nbd7 9. Ne2 c5 10. Ng3 Qa5 11. Bd2 b6 12. Be2 Bb7 13. O-O O-O-O 14. Rad1 Qa4
15. dxc5 Rg6 16. Qf4 e5 17. Qh4 Nxc5 18. Bg5 Rxd1 19. Rxd1 Nfd7 20. Be3 Qxc2 21.
Bg4 Ne6 22. Rc1 Qb3 23. Bf5 Rf6 24. Qxh7 Kc7 25. Nxe4 Bxe4 26. Bxe4 Nf4 27. Bf3
Rg6 28. Bxf4 exf4 29. Qh4 Qc4 30. Qh8 Rd6 31. h4 Qc5 32. Re1 Rd2 33. Re2 Rxe2
34. Bxe2 Qe7 35. Qh5 Qf6 36. Qg5 Qxg5 37. hxg5 Ne5 38. f3 Kd6 39. Kf2 Ke6 40. g4
Kd5 41. Ke1 b5 42. Bxb5 Nxf3+ 43. Kf2 Nxg5 44. c4+ Ke5 45. Bc6 Nh7 46. Bd5 f6
47. a4 Nf8 48. a5 Nd7 49. a6 Nc5 50. Bb7 Nd3+ 51. Kf3 Nc5 52. Kf2 Nd7 53. Kf3
Nc5 54. Kf2 Ne6 55. Bd5 Nd4 56. Bb7 Kd6 57. Kg2 Kc5 58. Bd5 Kb6 59. Bb7 Kc5 60.
Bd5 Kd6 61. Kf2 Ke5 62. Kg2 Nc2 63. Kf3 Nb4 64. Bb7 Nc2 65. Bd5 Nd4+ 66. Kf2 Nb3
67. Kf3 Nc5 68. Bb7 f5 69. gxf5 Kxf5 70. Bc8+ Ke5 71. Bb7 Ne6 72. Bd5 Nd4+ 73.
Kf2 1/2-1/2

[Event "St.Petersburg Summer Open"]
[Site "St Petersburg RUS"]
[Date "2016.08.24"]
[Round "8.10"]
[White "Grigoryeva, Olga A."]
[Black "Lesovoi, Evgenij"]
[Result "1-0"]
[WhiteTitle "WFM"]
[WhiteElo "2156"]
[BlackElo "2295"]
[WhiteFideId "24132594"]
[BlackFideId "24164135"]
[EventDate "2016.08.17"]

1. d4 Nf6 2. c4 e6 3. Nc3 Bb4 4. f3 d5 5. a3 Bxc3+ 6. bxc3 c5 7. cxd5 exd5 8. e3
c4 9. Ne2 Nc6 10. Bd2 O-O 11. Qc2 Na5 12. Nc1 g6 13. Be2 Bf5 14. Qb2 h5 15. Bd1
Re8 16. Bc2 Qd7 17. O-O Kg7 18. Qb1 Rac8 19. Re1 Rc6 20. Ra2 Rb6 21. Rb2 Bxc2
22. Qxc2 Qf5 23. Re2 Qxc2 24. Rxc2 Rb1 25. Kf2 Re6 26. Re1 Reb6 27. Ne2 R6b2 28.
Rxb1 Rxc2 29. Be1 Nb3 30. Rd1 Ra2 31. Kf1 g5 32. Bg3 Kg6 33. Bd6 h4 34. h3 Kf5
35. Be7 Nh5 36. e4+ Ke6 37. Bxg5 f6 38. exd5+ Kxd5 39. Bxh4 f5 40. g4 fxg4 41.
hxg4 Ng7 42. Bf6 Ne6 43. g5 Nf8 44. Kf2 Na1 45. f4 Ng6 46. Kf3 Nc2 47. Rh1 Ke6
48. Ng3 Nf8 49. f5+ Kf7 50. Ne4 Rxa3 51. Nd6+ Kg8 52. Rh8# 1-0